[Event "NOR-ch"]
[Site "Oslo"]
[Date "2023.07.04"]
[Round "5"]
[White "Tallaksen, Levi Andre"]
[Black "Vestby Ellingsen, Mads"]
[Result "1/2-1/2"]
[WhiteElo "2324"]
[BlackElo "2358"]
[PlyCount "42"]
[EventDate "2023.06.30"]
[EventType "swiss"]
[EventRounds "9"]
[EventCountry "NOR"]
[SourceTitle "CBM 215 Extra"]
[Source "ChessBase"]
[SourceDate "2023.09.30"]
[SourceVersion "1"]
[SourceVersionDate "2023.09.30"]
[SourceQuality "1"]

1. d4 d5 2. c4 c6 3. Nf3 Nf6 4. Nc3 dxc4 5. a4 Bf5 6. Ne5 Nbd7 7. Nxc4 Qc7 8. g3 e5 9. dxe5 Nxe5 10. Bf4 Nfd7 11. Bg2 f6 12. 0-0 g5 13. Bxe5 Nxe5 14. Ne3 Be6 15. Qc2 0-0-0 16. Ne4 Be7 17. Nc5 Bxc5 18. Qxc5 Kb8 19. b4 Qd6 20. Qc3 Qd2 21. Qa3 Qxe2 1/2-1/2

[Event "NOR-ch"]
[Site "Oslo"]
[Date "2023.06.30"]
[Round "1"]
[White "Tallaksen, Levi Andre"]
[Black "Kaasen, Tor Fredrik"]
[Result "0-1"]
[WhiteElo "2324"]
[BlackElo "2484"]
[PlyCount "64"]
[EventDate "2023.06.30"]
[EventType "swiss"]
[EventRounds "9"]
[EventCountry "NOR"]
[SourceTitle "CBM 215 Extra"]
[Source "ChessBase"]
[SourceDate "2023.09.30"]
[SourceVersion "1"]
[SourceVersionDate "2023.09.30"]
[SourceQuality "1"]

1. d4 Nf6 2. c4 e6 3. Nf3 b6 4. a3 Bb7 5. Nc3 d5 6. Bg5 Be7 7. e3 0-0 8. Bd3 dxc4 9. Bxc4 Nbd7 10. 0-0 Rc8 11. Qe2 c5 12. Ba2 cxd4 13. Nxd4 Rc5 14. Bxf6 Nxf6 15. Rfd1 Qc8 16. e4 Qb8 17. Qe3 Rh5 18. h3 Rh4 19. e5 Ne4 20. f3 Bg5 21. Qe1 Nxc3 22. bxc3 Rh5 23. Nxe6 fxe6 24. Bxe6+ Kh8 25. Bg4 Bh4 26. Bxh5 Bxe1 27. Rxe1 Rf5 28. e6 Rxh5 29. Rad1 Rd5 30. e7 Qe8 31. c4 Rxd1 32. Rxd1 Qxe7 0-1

[Event "NOR-chT Club"]
[Site "Bergen"]
[Date "2023.05.21"]
[Round "5.1"]
[White "Tari, Aryan"]
[Black "Tallaksen, Levi Andre"]
[Result "1-0"]
[WhiteElo "2642"]
[BlackElo "2339"]
[PlyCount "139"]
[EventDate "2023.05.18"]
[EventType "team-swiss"]
[EventRounds "6"]
[EventCountry "NOR"]
[SourceTitle "CBM 214 Extra"]
[Source "ChessBase"]
[SourceDate "2023.07.31"]
[SourceVersion "1"]
[SourceVersionDate "2023.07.31"]
[SourceQuality "1"]
[WhiteTeam "Offerspill"]
[BlackTeam "Stavanger"]
[WhiteTeamCountry "NOR"]
[BlackTeamCountry "NOR"]

1. e4 e5 2. Nf3 Nc6 3. Bb5 a6 4. Ba4 Nf6 5. 0-0 Be7 6. Bxc6 dxc6 7. d3 Nd7 8. Be3 0-0 9. Nc3 Re8 10. Ne2 Bf8 11. Nd2 Nc5 12. Nc4 f6 13. f4 Be6 14. Nd2 exf4 15. Nxf4 Qd7 16. Nxe6 Nxe6 17. Nb3 c5 18. Qh5 b6 19. Rf3 Bd6 20. Nd2 Be5 21. Nc4 Bd4 22. Bxd4 Qxd4+ 23. Kh1 b5 24. c3 Qd7 25. Na5 Rad8 26. Nb7 g6 27. Qh4 Rb8 28. Na5 Rf8 29. Raf1 Ng5 30. Re3 Rbe8 31. Nb3 c4 32. Nc5 Qc6 33. d4 Ne6 34. Nxe6 Qxe6 35. h3 Kg7 36. e5 fxe5 37. Rxf8 Rxf8 38. Rxe5 Rf1+ 39. Kh2 Qd6 40. Qg3 Rf6 41. h4 Kf7 42. Kg1 Rf5 43. Rxf5+ gxf5 44. Qf3 Kf6 45. Qe3 Kf7 46. Kf2 h6 47. Qf3 Kf6 48. g3 Kg6 49. Qe3 Kf7 50. Qe2 Qd5 51. Qh5+ Kg7 52. Qe2 Qh1 53. Qe7+ Kg6 54. Qe6+ Kg7 55. Qe5+ Kg6 56. Qe6+ Kg7 57. Qxf5 Qh2+ 58. Kf3 Qxb2 59. Qe5+ Kf8 60. d5 Qd2 61. Qf4+ Qxf4+ 62. Kxf4 Ke7 63. g4 Kf6 64. Ke4 Kg6 65. a3 Kf6 66. Kd4 Ke7 67. Kc5 Kd7 68. h5 Ke7 69. Kc6 Kd8 70. g5 1-0

[Event "NOR-chT Club"]
[Site "Bergen"]
[Date "2023.05.20"]
[Round "3.9"]
[White "Vestby Ellingsen, Mads"]
[Black "Tallaksen, Levi Andre"]
[Result "1-0"]
[WhiteElo "2357"]
[BlackElo "2339"]
[PlyCount "129"]
[EventDate "2023.05.18"]
[EventType "team-swiss"]
[EventRounds "6"]
[EventCountry "NOR"]
[SourceTitle "CBM 214 Extra"]
[Source "ChessBase"]
[SourceDate "2023.07.31"]
[SourceVersion "1"]
[SourceVersionDate "2023.07.31"]
[SourceQuality "1"]
[WhiteTeam "Tromsoe"]
[BlackTeam "Stavanger"]
[WhiteTeamCountry "NOR"]
[BlackTeamCountry "NOR"]

1. e4 e5 2. Nf3 Nc6 3. Bb5 a6 4. Ba4 Nf6 5. 0-0 Be7 6. d4 exd4 7. e5 Ne4 8. Nxd4 Nxd4 9. Qxd4 Nc5 10. Nc3 0-0 11. Bb3 d6 12. Bf4 Nxb3 13. axb3 dxe5 14. Qxe5 Bd6 15. Qd4 Qh4 16. g3 Qg4 17. f3 Qg6 18. Bxd6 Rd8 19. Qe3 cxd6 20. Rf2 Be6 21. Rd1 Rac8 22. Qb6 d5 23. Qxb7 d4 24. Qb6 Bxb3 25. Qxb3 dxc3 26. Rxd8+ Rxd8 27. Qxc3 h5 28. Qb4 Qe6 29. Kg2 g6 30. Qe4 Qb6 31. c3 Rd6 32. Qe1 Re6 33. Qc1 Qb3 34. Rd2 Kg7 35. Qg1 Qc4 36. Qf1 Qc6 37. Qd3 Qb6 38. Re2 Rd6 39. Qc2 Qc6 40. h4 Qd5 41. c4 Qd4 42. b3 Rb6 43. Qb2 Qxb2 44. Rxb2 a5 45. Rb1 Rb4 46. Kf2 a4 47. Ke3 a3 48. Ke4 Kf6 49. g4 hxg4 50. fxg4 Ke6 51. Kd4 Rb8 52. b4 Rh8 53. b5 Kd7 54. Ra1 Rxh4 55. Rxa3 Rxg4+ 56. Kc5 f5 57. Ra7+ Kc8 58. Rf7 Re4 59. b6 f4 60. Kd5 Re3 61. c5 f3 62. c6 Kd8 63. b7 Ke8 64. b8Q+ Kxf7 65. Qf4+ 1-0

[Event "NOR-chT Elite 2223"]
[Site "Norway"]
[Date "2023.03.03"]
[Round "7.11"]
[White "Carlsen, Magnus"]
[Black "Tallaksen, Levi Andre"]
[Result "1-0"]
[WhiteElo "2852"]
[BlackElo "2326"]
[PlyCount "87"]
[EventDate "2022.11.11"]
[EventType "team-tourn"]
[EventRounds "9"]
[EventCountry "NOR"]
[SourceTitle "CBM 213 Extra"]
[Source "ChessBase"]
[SourceDate "2023.05.31"]
[SourceVersion "1"]
[SourceVersionDate "2023.05.31"]
[SourceQuality "1"]
[WhiteTeam "Offerspill"]
[BlackTeam "Stavanger"]
[WhiteTeamCountry "NOR"]
[BlackTeamCountry "NOR"]

1. e4 e5 2. Nf3 Nc6 3. Bb5 a6 4. Ba4 Nf6 5. 0-0 Be7 6. d3 b5 7. Bb3 0-0 8. a4 Bb7 9. Nbd2 d6 10. c3 Na5 11. Bc2 c5 12. Re1 Re8 13. Nf1 Qc7 14. Ng3 Bf8 15. Bg5 Nd7 16. h4 d5 17. h5 dxe4 18. dxe4 f6 19. Be3 c4 20. axb5 axb5 21. Nh4 Nc5 22. Qg4 Nab3 23. Rxa8 Rxa8 24. Ngf5 Bc8 25. Rd1 Ne6 26. Bxb3 cxb3 27. Kh2 Ra2 28. Rd2 b4 29. c4 Qxc4 30. Nh6+ Kh8 31. Ng6+ hxg6 32. Nf7+ Kg8 33. Qxg6 Ra7 34. Bxa7 Nf4 35. Nh6+ Kh8 36. Qf7 Qxf7 37. Nxf7+ Kg8 38. Nd6 Be6 39. g3 Nxh5 40. Bc5 g6 41. Nb7 Bh6 42. Rd8+ Kf7 43. Bxb4 Bc1 44. Rd1 1-0

[Event "NOR-chT Elite 2223"]
[Site "Norway"]
[Date "2022.12.02"]
[Round "1.11"]
[White "Blomqvist, Erik"]
[Black "Tallaksen, Levi Andre"]
[Result "1/2-1/2"]
[WhiteElo "2537"]
[BlackElo "2329"]
[PlyCount "41"]
[EventDate "2022.11.11"]
[EventType "team-tourn"]
[EventRounds "9"]
[EventCountry "NOR"]
[SourceTitle "CBM 213 Extra"]
[Source "ChessBase"]
[SourceDate "2023.05.31"]
[SourceVersion "1"]
[SourceVersionDate "2023.05.31"]
[SourceQuality "1"]
[WhiteTeam "Nordstrand"]
[BlackTeam "Stavanger"]
[WhiteTeamCountry "NOR"]
[BlackTeamCountry "NOR"]

1. d4 Nf6 2. Bf4 d6 3. Nc3 Nbd7 4. Nf3 c5 5. d5 g6 6. e4 Bg7 7. Be2 a6 8. a4 0-0 9. 0-0 Rb8 10. Re1 b5 11. axb5 axb5 12. Bxb5 Nh5 13. Bxd7 Nxf4 14. Bxc8 Qxc8 15. e5 Qg4 16. g3 Rxb2 17. Ra7 Nh3+ 18. Kg2 Nf4+ 19. Kg1 Nh3+ 20. Kg2 Nf4+ 21. Kg1 1/2-1/2

[Event "NOR-ch"]
[Site "Kongsvinger"]
[Date "2022.07.14"]
[Round "7"]
[White "Abdrlauf, Elham"]
[Black "Tallaksen, Levi Andre"]
[Result "0-1"]
[WhiteElo "2466"]
[BlackElo "2341"]
[PlyCount "70"]
[EventDate "2022.07.08"]
[EventType "swiss"]
[EventRounds "9"]
[EventCountry "NOR"]
[SourceTitle "CBM 209 Extra"]
[Source "ChessBase"]
[SourceDate "2022.09.30"]
[SourceVersion "1"]
[SourceVersionDate "2022.09.30"]
[SourceQuality "1"]

1. e4 e5 2. Nc3 Nf6 3. Bc4 Nxe4 4. Qh5 Nd6 5. Bb3 Nc6 6. Nb5 g6 7. Qf3 f5 8. Qd5 Qf6 9. Nxc7+ Kd8 10. Nxa8 b6 11. Qd3 Bb7 12. h4 Ne4 13. Nf3 Bc5 14. Rf1 Nd4 15. Qc4 b5 16. Qd3 Re8 17. Ng1 Bxa8 18. Qh3 Qb6 19. Ne2 Nxe2 20. Kxe2 Bxf2 21. d4 exd4 22. Kd1 Bg3 23. Bg5+ Kc8 24. Kc1 Qd6 25. a4 Nf2 26. Rxf2 Bxf2 27. Bd2 Be3 28. Bxe3 dxe3 29. Kb1 Qd2 30. Qg3 e2 31. Ka2 e1Q 32. Rxe1 Qxe1 33. Qd6 Bc6 34. Qc5 Qe3 35. Qb4 bxa4 0-1

[Event "NOR-ch"]
[Site "Kongsvinger"]
[Date "2022.07.13"]
[Round "6"]
[White "Tallaksen, Levi Andre"]
[Black "Vestby Ellingsen, Mads"]
[Result "0-1"]
[WhiteElo "2341"]
[BlackElo "2351"]
[PlyCount "96"]
[EventDate "2022.07.08"]
[EventType "swiss"]
[EventRounds "9"]
[EventCountry "NOR"]
[SourceTitle "CBM 209 Extra"]
[Source "ChessBase"]
[SourceDate "2022.09.30"]
[SourceVersion "1"]
[SourceVersionDate "2022.09.30"]
[SourceQuality "1"]

1. d4 Nf6 2. c4 e6 3. Nc3 Bb4 4. f3 c5 5. d5 b5 6. e4 0-0 7. Bd3 bxc4 8. Bxc4 Ba6 9. Bxa6 Nxa6 10. Nge2 exd5 11. exd5 h6 12. 0-0 d6 13. Ng3 Nc7 14. Nge4 Bxc3 15. Nxc3 Qd7 16. Qd3 Rfe8 17. Bf4 Rab8 18. Rae1 Rxb2 19. Ne4 Nfxd5 20. Bg3 Re6 21. Qa3 Rb8 22. Qxa7 Ra8 23. Qb7 f5 24. Nxc5 dxc5 25. Rxe6 Qxe6 26. Bxc7 Rxa2 27. Bg3 Re2 28. Ra1 Kh7 29. Bf2 Nf4 30. Qb5 Rc2 31. Re1 Qg6 32. Bg3 Rxg2+ 33. Kh1 Rd2 34. Qxc5 Nd3 35. Qe3 Nxe1 36. Qxd2 Nxf3 37. Qd5 Qg4 38. Kg2 Ng5 39. Kf1 Qe4 40. Qd6 Qf3+ 41. Ke1 Ne4 42. Qc7 Qe3+ 43. Kf1 Nd2+ 44. Kg2 Qf3+ 45. Kh3 Qf1+ 46. Kh4 Nf3+ 47. Kh5 Qh3+ 48. Bh4 Qg4# 0-1

[Event "NOR-chT Clubs"]
[Site "Drammen"]
[Date "2022.05.26"]
[Round "3"]
[White "Tallaksen, Levi Andre"]
[Black "Romanov, Evgeny"]
[Result "1/2-1/2"]
[WhiteElo "2326"]
[BlackElo "2573"]
[PlyCount "102"]
[EventDate "2022.05.26"]
[EventType "team-swiss"]
[EventRounds "6"]
[EventCountry "NOR"]
[SourceTitle "EXT 2024"]
[Source "ChessBase"]
[SourceDate "2023.10.10"]
[SourceVersion "1"]
[SourceVersionDate "2023.10.10"]
[SourceQuality "1"]
[WhiteTeam "Stavanger"]
[BlackTeam "Valerenga"]
[WhiteTeamCountry "NOR"]
[BlackTeamCountry "NOR"]

1. d4 Nf6 2. c4 e6 3. Nf3 b6 4. a3 Bb7 5. Nc3 Ne4 6. Nxe4 Bxe4 7. Bg5 Be7 8. Bxe7 Qxe7 9. e3 c5 10. Bd3 Bb7 11. 0-0 0-0 12. d5 d6 13. Bc2 Nd7 14. Qd3 g6 15. Rad1 e5 16. Nd2 f5 17. f4 Qg7 18. Qc3 Rae8 19. e4 Bc8 20. Rde1 exf4 21. Qxg7+ Kxg7 22. exf5 Rxe1 23. Rxe1 Ne5 24. Ne4 Nxc4 25. f6+ Kh6 26. Bb3 Ne3 27. Nxd6 Ba6 28. f7 Kg7 29. g3 Rd8 30. gxf4 Rxd6 31. Rxe3 Kxf7 32. Re5 b5 33. Bc2 Bb7 34. Be4 Rf6 35. f5 a5 36. fxg6+ hxg6 37. h4 Rf4 38. Re6 Rg4+ 39. Kf2 Bc8 40. Kf3 Rxh4 41. Rc6 Bd7 42. Bxg6+ Ke7 43. Rxc5 Kd6 44. Rc2 Kxd5 45. Rd2+ Rd4 46. Ke3 Rxd2 47. Kxd2 Kd4 48. b4 axb4 49. axb4 Kc4 50. Bd3+ Kxb4 51. Bxb5 Bxb5 1/2-1/2

[Event "NOR-chT Elite 2122"]
[Site "Norway"]
[Date "2022.03.04"]
[Round "7.4"]
[White "Abdrlauf, Elham"]
[Black "Tallaksen, Levi Andre"]
[Result "1-0"]
[WhiteElo "2334"]
[BlackElo "2327"]
[PlyCount "65"]
[EventDate "2021.10.28"]
[EventType "team-tourn"]
[EventRounds "9"]
[EventCountry "NOR"]
[SourceTitle "EXT 2024"]
[Source "ChessBase"]
[SourceDate "2023.10.10"]
[SourceVersion "1"]
[SourceVersionDate "2023.10.10"]
[SourceQuality "1"]
[WhiteTeam "Alta"]
[BlackTeam "Stavanger"]
[WhiteTeamCountry "NOR"]
[BlackTeamCountry "NOR"]

1. e4 e5 2. Nc3 Nf6 3. d4 exd4 4. Qxd4 Nc6 5. Qd3 Bc5 6. Bf4 d6 7. 0-0-0 Be6 8. f3 0-0 9. a3 Ne5 10. Qd2 Nc4 11. Bxc4 Bxc4 12. Be3 Bxe3 13. Qxe3 Qe7 14. g4 c5 15. Nge2 Rad8 16. Ng3 Ne8 17. Nf5 Qe6 18. b3 Ba6 19. Nd5 Rd7 20. Nf4 Qe5 21. Kb1 Nc7 22. Nd5 Rc8 23. Nxc7 Rcxc7 24. Rd5 Qe6 25. Rhd1 Rc6 26. Qf4 g6 27. Nxd6 Be2 28. Nf5 gxf5 29. gxf5 Rxd5 30. Rg1+ Qg6 31. fxg6 Rxg6 32. Rxg6+ hxg6 33. exd5 1-0

[Event "NOR-chT Elite 2122"]
[Site "Norway"]
[Date "2021.10.29"]
[Round "1.5"]
[White "Tallaksen, Levi Andre"]
[Black "Blomqvist, Erik"]
[Result "0-1"]
[WhiteElo "2327"]
[BlackElo "2518"]
[PlyCount "84"]
[EventDate "2021.10.28"]
[EventType "team-tourn"]
[EventRounds "9"]
[EventCountry "NOR"]
[SourceTitle "CBM 204 Extra"]
[Source "ChessBase"]
[SourceDate "2021.11.30"]
[SourceVersion "1"]
[SourceVersionDate "2021.11.30"]
[SourceQuality "1"]
[WhiteTeam "Stavanger"]
[BlackTeam "Nordstrand"]
[WhiteTeamCountry "NOR"]
[BlackTeamCountry "NOR"]

1. d4 d5 2. c4 c6 3. Nf3 Nf6 4. Nc3 dxc4 5. a4 Bf5 6. Ne5 Nbd7 7. Nxc4 Qc7 8. g3 e5 9. dxe5 Nxe5 10. Bf4 Nfd7 11. Bg2 f6 12. 0-0 Be6 13. Nxe5 Nxe5 14. Qc2 Qa5 15. Rfd1 Be7 16. Ne4 0-0 17. Nd6 Qb4 18. Qd2 Qxd2 19. Rxd2 Rab8 20. Ra3 Rfd8 21. Bxe5 fxe5 22. Rad3 a5 23. Be4 g6 24. h4 Kf8 25. h5 Rxd6 26. Rxd6 Bxd6 27. Rxd6 Ke7 28. Rd3 Bf5 29. Re3 Kf6 30. hxg6 hxg6 31. f4 exf4 32. gxf4 Re8 33. Bxf5 Rxe3 34. Bd3 g5 35. fxg5+ Kxg5 36. Kf2 Kf4 37. b3 Rh3 38. Bc4 Rh2+ 39. Kg1 Kg3 40. Bd3 Rh4 41. Bc4 Rh5 42. Kf1 b5 0-1

[Event "NOR-ch"]
[Site "Sarpsborg"]
[Date "2018.07.08"]
[Round "3"]
[White "Mihajlov, Sebastian"]
[Black "Tallaksen, Levi Andre"]
[Result "1/2-1/2"]
[WhiteElo "2385"]
[BlackElo "2298"]
[PlyCount "95"]
[EventDate "2018.07.06"]
[EventType "swiss"]
[EventRounds "9"]
[EventCountry "NOR"]
[SourceTitle "CBM 185 Extra"]
[Source "ChessBase"]
[SourceDate "2018.07.29"]
[SourceVersion "1"]
[SourceVersionDate "2018.07.29"]
[SourceQuality "1"]

1. e4 e5 2. Nf3 Nc6 3. Bc4 Bc5 4. 0-0 Nf6 5. d3 0-0 6. a4 d6 7. c3 a5 8. Bg5 h6 9. Bh4 g5 10. Bg3 Bg4 11. Nbd2 Nh5 12. Re1 Qd7 13. Nf1 Nf4 14. Ne3 Rad8 15. h3 Bxf3 16. Qxf3 Ne7 17. Ng4 Kg7 18. d4 f5 19. exf5 Rxf5 20. Qxb7 Bb6 21. dxe5 d5 22. Rad1 Qe6 23. Nf6 Rxe5 24. Nh5+ Kf8 25. Rxe5 Qxe5 26. Bd3 Nf5 27. Bxf5 Qxf5 28. Qc6 Rd6 29. Qa8+ Kf7 30. Qe8+ Kxe8 31. Ng7+ Kf7 32. Nxf5 Rf6 33. Bxf4 Bxf2+ 34. Kxf2 Rxf5 35. Rd4 Ke6 36. g4 Rf8 37. c4 c6 38. cxd5+ cxd5 39. Kg3 gxf4+ 40. Rxf4 Rb8 41. Rf5 Rb3+ 42. Kh4 d4 43. Rxa5 d3 44. Ra8 Ke7 45. Ra7+ Ke6 46. Ra8 Ke7 47. Ra5 Kd6 48. Ra8 1/2-1/2

[Event "NOR-chT 1718"]
[Site "Norway"]
[Date "2018.01.12"]
[Round "4.4"]
[White "Hobber, Anders"]
[Black "Tallaksen, Levi Andre"]
[Result "1/2-1/2"]
[WhiteElo "2290"]
[BlackElo "2276"]
[PlyCount "68"]
[EventDate "2017.11.03"]
[EventType "team-tourn"]
[EventRounds "9"]
[EventCountry "NOR"]
[SourceTitle "EXT 2019"]
[Source "ChessBase"]
[SourceDate "2018.10.10"]
[SourceVersion "1"]
[SourceVersionDate "2018.10.10"]
[SourceQuality "1"]
[WhiteTeam "Akademisk"]
[BlackTeam "Stavanger"]
[WhiteTeamCountry "NOR"]
[BlackTeamCountry "NOR"]

1. d4 Nf6 2. Nf3 e6 3. e3 c5 4. Bd3 b6 5. 0-0 Bb7 6. c4 Be7 7. Nc3 cxd4 8. exd4 d5 9. cxd5 Nxd5 10. Ne5 0-0 11. Qg4 Nxc3 12. bxc3 Nd7 13. Qh3 g6 14. Bh6 Re8 15. Bb5 Nxe5 16. dxe5 Qc7 17. Bxe8 Rxe8 18. Qg3 Rc8 19. Bg5 Ba3 20. Rad1 Bb2 21. Bf6 Bd5 22. Qh3 h5 23. Rd3 Qc4 24. Rfd1 Kh7 25. Qe3 Qa4 26. h3 Rxc3 27. Rxc3 Qxd1+ 28. Kh2 Qf1 29. f3 Bxc3 30. Qxc3 Qc4 31. Qa3 Qf4+ 32. Kg1 h4 33. Qf8 Qe3+ 34. Kh2 Qf4+ 1/2-1/2

[Event "NOR-chT 1011"]
[Site "Oslo"]
[Date "2011.01.23"]
[Round "6"]
[White "Tallaksen, Levi Andre"]
[Black "Hagen, Anders Gjerdrum"]
[Result "1/2-1/2"]
[WhiteElo "2190"]
[BlackElo "2084"]
[PlyCount "68"]
[EventDate "2010.11.05"]
[EventType "team-tourn"]
[EventRounds "9"]
[EventCountry "NOR"]
[SourceTitle "EXT 2012"]
[Source "ChessBase"]
[SourceDate "2011.11.24"]
[SourceVersion "1"]
[SourceVersionDate "2011.11.24"]
[SourceQuality "1"]
[WhiteTeam "Porsgrunn"]
[BlackTeam "Moss"]
[WhiteTeamCountry "NOR"]
[BlackTeamCountry "NOR"]

1. d4 d5 2. c4 c6 3. Nc3 Nf6 4. e3 e6 5. Nf3 Nbd7 6. Bd3 dxc4 7. Bxc4 b5 8. Bd3 Bb7 9. 0-0 a6 10. e4 c5 11. e5 cxd4 12. Nxb5 axb5 13. exf6 gxf6 14. Bxb5 Rg8 15. Bf4 Ra5 16. a4 Rxb5 17. axb5 Ne5 18. Nh4 Qd5 19. f3 Be7 20. Bg3 f5 21. Kh1 f4 22. Bf2 Nc4 23. Qxd4 Qxd4 24. Bxd4 Bxh4 25. Rfc1 Nd6 26. Ra7 Kd7 27. Be5 Rb8 28. Rd1 Be7 29. Bxf4 Kc7 30. Rc1+ Kd7 31. b6 Bd8 32. Rd1 Be7 33. Rc1 f6 34. Rd1 e5 1/2-1/2

[Event "Politiken Cup 32nd"]
[Site "Copenhagen"]
[Date "2010.08.05"]
[Round "7"]
[White "Holm, Kristian Stuvik"]
[Black "Tallaksen, Levi Andre"]
[Result "1/2-1/2"]
[WhiteElo "2086"]
[BlackElo "2177"]
[PlyCount "23"]
[EventDate "2010.07.31"]
[EventType "swiss"]
[EventRounds "10"]
[EventCountry "DEN"]
[SourceTitle "CBM 137 Extra"]
[Source "ChessBase"]
[SourceDate "2010.09.01"]
[SourceVersion "1"]
[SourceVersionDate "2010.09.01"]
[SourceQuality "1"]

1. d4 Nf6 2. c4 e6 3. Nc3 d5 4. cxd5 exd5 5. Bg5 Be7 6. e3 c6 7. Qc2 Nbd7 8. Bd3 0-0 9. Nf3 Re8 10. 0-0 Nf8 11. Rab1 Be6 12. b4 1/2-1/2

[Event "Politiken Cup 32nd"]
[Site "Copenhagen"]
[Date "2010.08.04"]
[Round "6"]
[White "Tallaksen, Levi Andre"]
[Black "Hansen, Herluf"]
[Result "1-0"]
[WhiteElo "2177"]
[BlackElo "2026"]
[PlyCount "75"]
[EventDate "2010.07.31"]
[EventType "swiss"]
[EventRounds "10"]
[EventCountry "DEN"]
[SourceTitle "CBM 137 Extra"]
[Source "ChessBase"]
[SourceDate "2010.09.01"]
[SourceVersion "1"]
[SourceVersionDate "2010.09.01"]
[SourceQuality "1"]

1. d4 Nf6 2. Nf3 b6 3. e3 Bb7 4. Nbd2 e6 5. Bd3 c5 6. 0-0 Be7 7. Qe2 d6 8. c3 0-0 9. Rd1 Qc8 10. Nf1 Ba6 11. c4 Nbd7 12. b3 Re8 13. Bb2 Bb7 14. Ng3 Qc7 15. e4 cxd4 16. Nxd4 a6 17. Rac1 Bf8 18. Bb1 g6 19. Nc2 Rad8 20. Ne3 Bg7 21. Bd4 Qb8 22. Qb2 b5 23. cxb5 axb5 24. b4 e5 25. Bc3 h5 26. f3 Bh6 27. Bd2 Qa7 28. Ngf1 d5 29. exd5 Nxd5 30. Qb3 N7f6 31. Kh1 Kg7 32. Nxd5 Bxd5 33. Bxh6+ Kxh6 34. Qe3+ Qxe3 35. Nxe3 Bc4 36. Rxd8 Rxd8 37. Nxc4 bxc4 38. Be4 1-0